[Event "CAN-ch U08 Girls"]
[Site "Windsor"]
[Date "2016.07.06"]
[Round "2.131"]
[White "De Costa, Dayna"]
[Black "Qu, Greta"]
[Result "0-1"]
[WhiteElo "627"]
[BlackElo "827"]
[PlyCount "54"]
[EventDate "2016.07.05"]
[EventType "swiss"]
[EventRounds "7"]
[EventCountry "CAN"]
[SourceTitle "EXT 2022"]
[Source "ChessBase"]
[SourceDate "2021.10.06"]
[SourceVersion "1"]
[SourceVersionDate "2021.10.06"]
[SourceQuality "1"]

1. d4 d5 2. c4 e6 3. Nc3 Nf6 4. Bg5 Be7 5. e3 b6 6. cxd5 exd5 7. Bd3 Ne4 8. Nxe4 Bxg5 9. Bb5+ Nd7 10. Ng3 Qe7 11. Bc6 Rb8 12. Nf3 Bb7 13. Ba4 0-0 14. 0-0 Bf6 15. Nd2 c5 16. Nb3 cxd4 17. exd4 Rbc8 18. Nf5 Qe6 19. Re1 Qxf5 20. Rb1 Nb8 21. Re2 Bc6 22. Re3 Bxa4 23. Qe2 Qxb1+ 24. Qe1 Qxe1+ 25. Rxe1 Rfe8 26. Rd1 Rc7 27. Rd3 Re1# 0-1

[Event "CAN-ch U08 Girls"]
[Site "Windsor"]
[Date "2016.07.05"]
[Round "1.134"]
[White "Ma, Lily"]
[Black "De Costa, Dayna"]
[Result "0-1"]
[WhiteElo "1000"]
[BlackElo "627"]
[PlyCount "66"]
[EventDate "2016.07.05"]
[EventType "swiss"]
[EventRounds "7"]
[EventCountry "CAN"]
[SourceTitle "EXT 2022"]
[Source "ChessBase"]
[SourceDate "2021.10.06"]
[SourceVersion "1"]
[SourceVersionDate "2021.10.06"]
[SourceQuality "1"]

1. e4 c5 2. Bc4 e6 3. Nc3 a6 4. Nf3 b5 5. Be2 Nf6 6. a3 Be7 7. 0-0 0-0 8. d3 Nc6 9. Bg5 Bb7 10. Bxf6 Bxf6 11. Qd2 Qc7 12. g3 Rfe8 13. Nh4 h6 14. Nf3 Bg5 15. Nxg5 Nd4 16. Nf3 Nxe2+ 17. Qxe2 Rad8 18. Nd1 Qa5 19. d4 b4 20. dxc5 Bxe4 21. Qxe4 Qb5 22. axb4 d5 23. Qe5 f6 24. Qc3 Qd7 25. Rxa6 e5 26. Qb3 Qh3 27. c4 dxc4 28. Qxc4+ Kh8 29. b5 Rxd1 30. Rxd1 e4 31. Ne1 Re5 32. b6 Rh5 33. Kh1 Qxh2# 0-1